2019-2020 NHL Hockey Leaders - Statistics

General Stats
  • This quiz has been taken 270 times
  • The average score is 33 of 57
Answer Stats
Hint Answer % Correct
63 Connor McDavid
98%
97 Connor McDavid
98%
48 Alexander Ovechkin
96%
43 Leon Draisaitl
94%
67 Leon Draisaitl
94%
110 Leon Draisaitl
94%
47 Auston Matthews
87%
59 Brad Marchand
86%
48 David Pastrňák
84%
95 David Pastrňák
84%
63 Artemi Panarin
82%
95 Artemi Panarin
82%
58 Nathan MacKinnon
82%
93 Nathan MacKinnon
82%
35 Andrei Vasilevskiy
80%
15 John Carlson
71%
60 John Carlson
71%
75 John Carlson
71%
15 Roman Josi
71%
49 Roman Josi
71%
65 Roman Josi
71%
25:46 Roman Josi
71%
31 Connor Hellebuyck
69%
22 Connor Hellebuyck
69%
23 Tuukka Rask
69%
44 Victor Hedman
66%
55 Victor Hedman
66%
45 Quinn Hughes
62%
53 Quinn Hughes
62%
25:24 Brent Burns
61%
41 Mika Zibanejad
59%
15 Kris Letang
57%
25:43 Kris Letang
57%
27 Carey Price
55%
29 Frederik Andersen
54%
25:48 Drew Doughty
52%
30 Jordan Binnington
52%
316 Ryan Reaves
50%
15 Shea Weber
48%
13 Ben Bishop
47%
253 Tom Wilson
44%
16 Alex Pietrangelo
42%
40 Ryan Suter
39%
40 Torey Krug
38%
20 Zach Werenski
35%
18 Anton Khudobin
33%
17 Darcy Kuemper
31%
13 Pavel Francouz
26%
26:00 Thomas Chabot
26%
15 Tony DeAngelo
25%
53 Tony DeAngelo
25%
303 Brady Tkachuk
22%
242 Matt Martin
20%
25:24 Oscar Klefbom
17%
13 Robin Lehner
12%
40 Keith Yandle
8%
244 Brandon Tanev
7%
No matching quizzes found
Score Distribution
Percent of People with Each Score
Percentile by Number Answered
Your Score History
You have not taken this quiz